| 000 | 03572nam a22003137i 4500 | ||
|---|---|---|---|
| 001 | TCPA 84 | ||
| 003 | gtcocun | ||
| 005 | 20250818213300.0 | ||
| 006 | a||||gr|||| 00| 0 | ||
| 008 | 250818b2019 gt ||||| m||| 00| 0 eng d | ||
| 040 |
_agtcocun _bSPA _cgtcocun _eRDA |
||
| 041 | _aSPA | ||
| 084 | _0TCPA 84 | ||
| 100 |
_aCaál Cuc, Felipe Antonio _eAutor |
||
| 245 |
_aInforme final del Ejercicio Profesional Supervisado, realizado en Grupo Esmeralda los Kuatro, Sociedad Anónima, Tactic, Alta Verapaz/ _cFelipe Antonio Caál Cuc _hImpreso |
||
| 264 |
_aCobán, Alta Verapaz: _bUniversidad de San Carlos de Guatemala, Centro Universitario del Norte, Licenciatura en Contaduría Pública y Auditoría. |
||
| 300 |
_a51 p.: _bIlustraciones, gráficas. _c28 cm; PDF |
||
| 336 |
_2rdacontenido _aTexto _btxt |
||
| 337 |
_2rdamedio _aComputadora _bn |
||
| 338 |
_2rdasoporte _aCódigo en línea _bcr |
||
| 502 | _e. | ||
| 502 |
_aTesis de grado _bLicenciatura en Contaduría Pública y Auditoría. _cUniversidad de San Carlos de Guatemala, Centro Universitario del Norte, Licenciatura en Contaduría Pública y Auditoría. _d2019 _oTCPA 84 |
||
| 520 | 1 | 4 | _aLa Universidad de San Carlos de Guatemala, a través del Centro Universitario del Norte y la carrera de Contaduría Pública y Auditoría, su principal objetivo es brindar a los futuros profesionales el conocimiento y las habilidades para detectar situaciones socioeconómicas que atraviesa el país para hacer las recomendaciones necesarias. El presente informe contiene los resultados del Ejercicio Profesional Supervisado, realizado en la empresa Grupo Esmeralda Los Kuatro, Sociedad Anónima que se localiza en el municipio de Tactic, Alta Verapaz, elaborado en el área de control interno, durante el año 2016. El diagnóstico realizado en el departamento administrativo-contable de la empresa, determinó realizar las actividades de: contabilidad agraria, manual contable, auditoría de caja y bancos, auditoria de incumplimiento de los deberes formales y/o las obligaciones sustantivas y sistema de control de inventario de los insumos. Al realizar el plan de trabajo se elaboró un cronograma donde se establecen los procedimientos a seguir en los meses de junio a septiembre, durante ese período se ejecutaron las actividades detalladas en dicho informe. Al definir las actividades para la primera intervención, se implementó una estructura para la contabilidad agraria, la que permite obtener información sobre el entorno que involucra al proceso del engorde de ganado bovino. La segunda intervención realizada fue la implementación de un manual contable que servirá como guía al área de contabilidad y para que tenga un instrumento para la realización de las actividades contables. La tercera intervención fue realizar una auditoría a las cuentas de caja y bancos, para dar una opinión sobre la razonabilidad de los saldos presentados en los estados financieros. Finalmente se desarrollaron y ejecutaron cada una de las propuestas jerarquizadas de mayor a menor importancia, se contribuyó al fortalecimiento del control interno de la empresa Grupo Esmeralda los Kuatro, Sociedad Anónima. |
| 650 |
_2LEMB _aCobán, Alta Verapaz _xestructura contable _xmanuales _xauditorias _xcaja y bancos |
||
| 700 |
_aLic. José Alfonso Barrios Figueroa _eAsesor |
||
| 856 |
_uhttps://drive.google.com/file/d/1outd-Zy1CxPNRSY02SDxY6aEW4cAPX1U/view?usp=sharing _yPDF _zUn ejemplar en línea. |
||
| 942 |
_2ddc _cTES _iTCPA_84 _kClasificación _n0 _6TCPA__84 |
||
| 999 |
_c1180 _d1180 |
||